|
|
|
|
| LEADER |
00000n m0a2200000 4500 |
| 001 |
64927 |
| 005 |
20231031070053.0 |
| 035 |
|
|
|a (RuTPU)RU\TPU\book\68932
|
| 090 |
|
|
|a 64927
|
| 100 |
|
|
|a 20040610d2005 m y0rusy50 ca
|
| 101 |
0 |
|
|a rus
|
| 102 |
|
|
|a RU
|
| 105 |
|
|
|a a j 001zy
|
| 200 |
1 |
|
|a Методы испытаний электрической изоляции
|e практикум по курсу
|e учебное пособие
|f А. В. Петров
|g Томский политехнический университет
|
| 210 |
|
|
|a Томск
|c Изд-во ТПУ
|d 2005
|
| 215 |
|
|
|a 121 с.
|c ил.
|
| 225 |
1 |
|
|a Учебники Томского политехнического университета
|
| 320 |
|
|
|a Библиография в конце глав.
|
| 330 |
|
|
|a В учебном пособии к лабораторным работам рассмотрены электрические испытания кабельных изделий, а также способы определения их конструктивных параметров с учетом требований стандартов и технических условий на эти изделия. Приведены методы измерения тангенса угла диэлектрических потерь и емкости в диапазоне частот от 50 Гц до 300 МГц, рассмотрены способы определения сорбционных свойств диэлектриков. Предназначено для подготовки дипломированных специалистов и магистерской подготовки по направлению «Электротехника, электромеханика и электротехнологии» специальности 180300.
|
| 610 |
1 |
|
|a электрическая изоляция
|
| 610 |
1 |
|
|a кабельные изделия
|
| 610 |
1 |
|
|a конструктивные размеры
|
| 610 |
1 |
|
|a проверка
|
| 610 |
1 |
|
|a диэлектрики
|
| 610 |
1 |
|
|a сопротивление
|
| 610 |
1 |
|
|a провода
|
| 610 |
1 |
|
|a токопроводящие жилы
|
| 610 |
1 |
|
|a электроизоляционные материалы
|
| 610 |
1 |
|
|a диэлектрические потери
|
| 610 |
1 |
|
|a емкость
|
| 610 |
1 |
|
|a лабораторные работы
|
| 610 |
1 |
|
|a практикумы
|
| 610 |
1 |
|
|a учебные пособия
|
| 610 |
1 |
|
|a электротехника
|
| 610 |
1 |
|
|a электромеханика
|
| 610 |
1 |
|
|a кабели
|
| 675 |
|
|
|a 621.315.61(076.5)
|v 3
|
| 700 |
|
1 |
|a Петров
|b А. В.
|g Александр Васильевич
|
| 712 |
0 |
2 |
|a Томский политехнический университет
|2 stltpush
|3 (RuTPU)RU\TPU\col\376
|
| 801 |
|
1 |
|a RU
|b 63413507
|c 20040610
|g PSBO
|
| 801 |
|
2 |
|a RU
|b 63413507
|c 20201014
|g PSBO
|
| 900 |
|
|
|a Методы испытаний электроизоляционных материалов
|
| 900 |
|
|
|a Организация и технология испытаний
|
| 942 |
|
|
|c BK
|